| 000 | 00675cam a2200193 a 4500 | ||
|---|---|---|---|
| 020 | _a0937040517 | ||
| 082 | 0 | 0 |
_a624.183412 _bPRE _cL-NUST, P-09 |
| 245 | 0 | 0 |
_aPCI design handbook : _bprecast and prestressed concrete. |
| 250 | _a4th ed. | ||
| 260 |
_aChicago : _bPrecast/Prestressed Concrete Institute, _cc1992. |
||
| 300 |
_a1 v. (various pagings) : _bill. (some col.) ; _c29 cm. |
||
| 500 | _aIncludes index. | ||
| 526 |
_a0 _b0 _c0 _d624_183412000000000_PRE |
||
| 650 | 0 |
_aMCE _9379 |
|
| 650 | 0 |
_aPrecast concrete construction _921295 |
|
| 650 | 0 |
_aPrestressed concrete construction _920245 |
|
| 710 | 2 |
_aPrecast/Prestressed Concrete Institute. _947362 |
|
| 942 |
_2ddc _cBK |
||
| 999 |
_c550632 _d550632 |
||